[Event "Irish International Open 2019"]
[Site "Dublin"]
[Date "2019.04.21"]
[Round "8.14"]
[White "Fitzsimons, David"]
[Black "Buonanno, Raffaele"]
[Result "1-0"]
[WhiteElo "2299"]
[BlackElo "2091"]
[Annotator "NA"]
[PlyCount "85"]
[EventDate "2019.02.28"]
[EventType "swiss"]
[EventCountry "IRL"]
[SourceTitle "playchess.com"]
[Source "ChessBase"]
[SourceQuality "1"]
[TimeControl "5400+30"]

1. e4 {[%emt 0:00:00]} d5 {[%emt 0:09:35]} 2. exd5 {[%emt 0:00:00]} Qxd5 {[%emt 0:00:04]} 3. Nc3 {[%emt 0:00:14]} Qd6 {[%emt 0:00:08]} 4. d4 {[%emt 0:00:21]} c6 {[%emt 0:00:06]} 5. Nf3 {[%emt 0:01:01]} Bg4 {[%emt 0:00:08]} 6. h3 {[%emt 0:03:09]} Bxf3 {[%emt 0:00:19]} 7. Qxf3 {[%emt 0:00:06]} Qxd4 {[%emt 0:00:04]} 8. Nb5 {[%emt 0:01:13]} Qe5+ {[%emt 0:05:37]} 9. Be2 {[%emt 0:00:31]} Na6 {[%emt 0:00:30]} 10. Bf4 {[%emt 0:00:32]} Qd5 {[%emt 0:07:36]} 11. O-O {[%emt 0:04:45]} Nf6 {[%emt 0:14:10]} 12. Rad1 {[%emt 0:04:10]} Qxf3 {[%emt 0:00:31]} 13. Bxf3 {[%emt 0:00:06]} e6 {[%emt 0:01:06]} 14. c4 {[%emt 0:05:32]} Be7 {[%emt 0:01:15]} 15. b3 {[%emt 0:11:59]} O-O {[%emt 0:00:45]} 16. Nd6 {[%emt 0:00:53]} Bxd6 {[%emt 0:02:44]} 17. Bxd6 {[%emt 0:00:06]} Rfd8 {[%emt 0:00:11]} 18. b4 {[%emt 0:00:31]} Nb8 {[%emt 0:08:50]} 19. b5 {[%emt 0:02:17]} a6 {[%emt 0:01:55]} 20. Be7 {[%emt 0:00:32]} Re8 {[%emt 0:01:02]} 21. Bxf6 {[%emt 0:03:28]} gxf6 {[%emt 0:00:05]} 22. a4 {[%emt 0:01:04]} axb5 {[%emt 0:00:38]} 23. axb5 {[%emt 0:00:02]} Ra4 {[%emt 0:00:27]} 24. Be2 {[%emt 0:03:32]} Ra2 {[%emt 0:01:47]} 25. Rfe1 {[%emt 0:04:04]} Kg7 {[%emt 0:00:15]} 26. Rd3 {[%emt 0:05:09]} Re7 {[%emt 0:01:15]} 27. Bf3 {[%emt 0:01:18]} Rc2 {[%emt 0:03:16]} 28. Red1 {[%emt 0:00:28]} cxb5 {[%emt 0:01:36]} 29. cxb5 {[%emt 0:00:02]} Rcc7 {[%emt 0:00:31]} 30. Rb3 {[%emt 0:01:08]} Red7 {[%emt 0:02:29]} 31. Ra1 {[%emt 0:01:01]} Rd2 {[%emt 0:05:41]} 32. b6 {[%emt 0:04:22]} Rcd7 {[%emt 0:00:07]} 33. Ra8 {[%emt 0:00:25]} Rd8 {[%emt 0:03:42]} 34. Bxb7 {[%emt 0:00:27]} R2d7 {[%emt 0:04:15]} 35. Bf3 {[%emt 0:00:06]} f5 {[%emt 0:00:08]} 36. Rc3 {[%emt 0:00:21]} Re7 {[%emt 0:05:03]} 37. Rc7 {[%emt 0:01:46]} Kf8 {[%emt 0:01:44]} 38. Kf1 {[%emt 0:01:03]} e5 {[%emt 0:04:08]} 39. Bd5 {[%emt 0:01:57]} Ke8 {[%emt 0:00:36]} 40. Bb3 {[%emt 0:00:38]} Kf8 {[%emt 0:02:47]} 41. Ba4 {[%emt 0:02:07]} e4 {[%emt 0:03:37]} 42. Raa7 {[%emt 0:00:30]} Re6 {[%emt 0:00:12]} 43. Rxf7+ {[%emt 0:00:05]} 1-0

[Event "Irish International Open 2019"]
[Site "Dublin"]
[Date "2019.04.21"]
[Round "8.15"]
[White "Flynn, Jacob"]
[Black "Daly, Colm"]
[Result "1/2-1/2"]
[WhiteElo "2011"]
[BlackElo "2278"]
[Annotator "ChessBase"]
[PlyCount "110"]
[EventDate "2019.02.28"]
[EventType "swiss"]
[EventCountry "IRL"]
[SourceTitle "playchess.com"]
[Source "ChessBase"]
[SourceQuality "1"]
[TimeControl "5400+30"]

1. d4 {[%emt 0:00:00]} Nf6 {[%emt 0:00:00]} 2. Nf3 {[%emt 0:00:00]} d6 {[%emt 0:00:24]} 3. c4 {[%emt 0:01:50]} g6 {[%emt 0:00:42]} 4. Nc3 {[%emt 0:00:15]} Bg7 {[%emt 0:00:08]} 5. Bg5 {[%emt 0:00:10]} O-O {[%emt 0:00:29]} 6. e3 {[%emt 0:00:57]} Nbd7 {[%emt 0:00:51]} 7. Be2 {[%emt 0:00:18]} e5 {[%emt 0:01:17]} 8. O-O {[%emt 0:03:39]} h6 {[%emt 0:01:17]} 9. Bh4 {[%emt 0:00:36]} c6 {[%emt 0:00:10]} 10. h3 {[%emt 0:04:47]} Re8 {[%emt 0:02:01]} 11. Qc2 {[%emt 0:03:19]} a6 {[%emt 0:03:18]} 12. b4 {[%emt 0:03:37]} exd4 {[%emt 0:04:02]} 13. exd4 {[%emt 0:00:42]} Nb6 {[%emt 0:01:54]} 14. c5 {[%emt 0:09:00]} Bf5 {[%emt 0:01:28]} 15. Bd3 {[%emt 0:06:58]} Bxd3 {[%emt 0:00:03]} 16. Qxd3 {[%emt 0:00:05]} dxc5 {[%emt 0:01:39]} 17. bxc5 {[%emt 0:00:03]} Nbd5 {[%emt 0:02:14]} 18. Nxd5 {[%emt 0:11:47]} Qxd5 {[%emt 0:06:34]} 19. Bxf6 {[%emt 0:01:33]} Bxf6 {[%emt 0:00:03]} 20. Rab1 {[%emt 0:07:05]} Re7 {[%emt 0:02:07]} 21. Rb3 {[%emt 0:01:25]} Rd8 {[%emt 0:00:21]} 22. Rfb1 {[%emt 0:04:09]} Rdd7 {[%emt 0:00:42]} 23. a3 {[%emt 0:03:01]} Kg7 {[%emt 0:00:08]} 24. Rb4 {[%emt 0:03:52]} h5 {[%emt 0:01:27]} 25. R1b3 {[%emt 0:06:11]} a5 {[%emt 0:09:54]} 26. Rb6 {[%emt 0:03:17]} Bxd4 {[%emt 0:00:39]} 27. Qxd4+ {[%emt 0:00:22]} Qxd4 {[%emt 0:00:02]} 28. Nxd4 {[%emt 0:00:08]} Rxd4 {[%emt 0:00:07]} 29. Rxb7 {[%emt 0:00:14]} Rd1+ {[%emt 0:00:58]} 30. Kh2 {[%emt 0:00:02]} Rxb7 {[%emt 0:01:12]} 31. Rxb7 {[%emt 0:00:06]} Rc1 {[%emt 0:00:11]} 32. Rc7 {[%emt 0:06:37]} Rxc5 {[%emt 0:00:06]} 33. h4 {[%emt 0:01:10]} Rc4 {[%emt 0:01:04]} 34. Kh3 {[%emt 0:00:41]} a4 {[%emt 0:00:11]} 35. f3 {[%emt 0:00:27]} Kf6 {[%emt 0:00:49]} 36. g4 {[%emt 0:01:52]} Ke6 {[%emt 0:02:36]} 37. Kg3 {[%emt 0:01:09]} hxg4 {[%emt 0:07:13]} 38. fxg4 {[%emt 0:00:03]} f5 {[%emt 0:00:08]} 39. g5 {[%emt 0:01:49]} Rc3+ {[%emt 0:08:39]} 40. Kf4 {[%emt 0:01:33]} Rc4+ {[%emt 0:00:13]} 41. Kg3 {[%emt 0:00:05]} Ke5 {[%emt 0:04:58]} 42. Re7+ {[%emt 0:01:35]} Kd5 {[%emt 0:00:18]} 43. Rd7+ {[%emt 0:00:19]} Ke4 {[%emt 0:00:08]} 44. Re7+ {[%emt 0:15:12]} Kd3 {[%emt 0:18:06]} 45. Rd7+ {[%emt 0:00:00]} Ke3 {[%emt 0:07:20]} 46. Re7+ {[%emt 0:00:00]} Kd2 {[%emt 0:08:27]} 47. Rd7+ {[%emt 0:00:00]} Kc2 {[%emt 0:00:06]} 48. Rd6 {[%emt 0:00:00]} c5 {[%emt 0:02:00]} 49. Rxg6 {[%emt 0:00:00]} Rg4+ {[%emt 0:00:05]} 50. Kh3 {[%emt 0:00:00]} c4 {[%emt 0:01:05]} 51. h5 {[%emt 0:00:00]} c3 {[%emt 0:01:12]} 52. h6 {[%emt 0:00:00]} Rg1 {[%emt 0:00:17]} 53. Kh2 {[%emt 0:00:00]} Rg4 {[%emt 0:01:05]} 54. Kh3 {[%emt 0:00:00]} Rg1 {[%emt 0:00:33]} 55. Kh2 {[%emt 0:00:00]} Rg4 {[%emt 0:00:04]} 1/2-1/2

[Event "Irish International Open 2019"]
[Site "Dublin"]
[Date "2019.04.21"]
[Round "8.16"]
[White "Mihalik, Agoston"]
[Black "Abul Kalam, Azad Lilu"]
[Result "1-0"]
[WhiteElo "2203"]
[BlackElo "1951"]
[Annotator "TA"]
[PlyCount "70"]
[EventDate "2019.02.28"]
[EventType "swiss"]
[EventCountry "IRL"]
[SourceTitle "playchess.com"]
[Source "ChessBase"]
[SourceQuality "1"]

{[%evp 16,70,30,18,55,54,81,86,77,70,77,78,75,78,88,72,100,94,83,89,98,98,141,87,234,74,162,164,179,81,79,75,128,100,109,86,113,103,114,116,134,125,221,226,230,245,364,358,365,272,268,271,265,252,249,225,237]} 1. e4 c5 2. Nf3 e6 3. b3 Ne7 4. Bb2 Nbc6 5. Bb5 a6 6. Bxc6 Nxc6 7. O-O d6 8. d4 cxd4 9. Nxd4 Qc7 {B30: Sicilian: 2...Nc6 3 Bb5, lines without ...g6} (9... Bd7 10. c4 Nxd4 11. Qxd4 Qc7 12. Nc3 f6 13. Rad1 Bc6 14. Rfe1 Be7 15. Nd5 Bxd5 16. exd5 e5 17. Qg4 O-O {1-0 (47) Dobrov,V (2522)-Tregubov,P (2589) Moscow 2017}) 10. c4 h5 $146 ({Predecessor:} 10... Be7 11. Nxc6 Qxc6 12. Qg4 Bf8 13. Nc3 h5 14. Qe2 Bd7 15. Nd5 f6 16. Bd4 Kf7 17. Nb6 {½-½ (50) Vratonjic,S (2409)-Radovanovic,N (2400) Kraljevo 2015}) 11. Nc3 Bd7 {White is better.} 12. Re1 f6 13. Rc1 Nxd4 14. Qxd4 Kf7 15. Kh1 Be7 16. f4 Qc5 17. Qd2 h4 18. h3 $1 Bc6 {[#]} 19. Rf1 (19. Nd5 $142 $1 {[%mdl 512]}) 19... g6 {[#]} (19... Bd8 $16 {was called for.}) 20. a4 $2 (20. Nd5 $1 $18) 20... Rh5 (20... Qb6 $16 {was worth a try.}) 21. Qe2 $18 Rah8 {[#]} 22. Nb1 (22. Nd5 $1 $18) 22... Qb6 $16 23. Nd2 Rg8 ({Better is} 23... Kg7) 24. Bc3 Qc7 25. Rce1 Rh6 26. Nf3 {Ng5+! is the strong threat.} Qc8 27. Rf2 Ke8 28. a5 f5 (28... e5 $16) 29. Ng5 $18 fxe4 30. Nxe4 Bxe4 (30... Rh5 $142 31. Nf6+ Bxf6 32. Bxf6 Rxa5) 31. Qxe4 Kf7 32. b4 Bf6 33. Bxf6 Kxf6 34. Rfe2 {And now Qd4+ would win.} Re8 35. Rd2 Rd8 {Accuracy: White = 56%, Black = 33%.} 1-0

[Event "Irish International Open 2019"]
[Site "Dublin"]
[Date "2019.04.21"]
[Round "8.17"]
[White "Duffy, Seamus"]
[Black "Schut, Han"]
[Result "1/2-1/2"]
[WhiteElo "1921"]
[BlackElo "2173"]
[Annotator "ChessBase"]
[PlyCount "75"]
[EventDate "2019.02.28"]
[EventType "swiss"]
[EventCountry "IRL"]
[SourceTitle "playchess.com"]
[Source "ChessBase"]
[SourceQuality "1"]
[TimeControl "5400+30"]

1. b3 {[%emt 0:00:00]} d5 {[%emt 0:09:27]} 2. Bb2 {[%emt 0:00:00]} c5 {[%emt 0:00:07]} 3. e3 {[%emt 0:00:00]} a6 {[%emt 0:00:10]} 4. f4 {[%emt 0:00:00]} Nf6 {[%emt 0:00:05]} 5. Nf3 {[%emt 0:00:00]} g6 {[%emt 0:00:09]} 6. Be2 {[%emt 0:00:24]} Bg7 {[%emt 0:00:07]} 7. O-O {[%emt 0:00:11]} Nc6 {[%emt 0:00:06]} 8. Ne5 {[%emt 0:01:22]} Bd7 {[%emt 0:00:07]} 9. d3 {[%emt 0:01:47]} d4 {[%emt 0:01:12]} 10. Nxc6 {[%emt 0:01:40]} Bxc6 {[%emt 0:01:06]} 11. e4 {[%emt 0:00:13]} O-O {[%emt 0:01:18]} 12. Bf3 {[%emt 0:01:35]} Qc7 {[%emt 0:04:16]} 13. g3 {[%emt 0:01:12]} b5 {[%emt 0:09:34]} 14. Nd2 {[%emt 0:02:31]} Rad8 {[%emt 0:06:05]} 15. Qe2 {[%emt 0:03:10]} e6 {[%emt 0:02:08]} 16. Bg2 {[%emt 0:03:16]} Nd7 {[%emt 0:08:32]} 17. h4 {[%emt 0:05:24]} h5 {[%emt 0:02:53]} 18. g4 {[%emt 0:03:51]} hxg4 {[%emt 0:00:07]} 19. Qxg4 {[%emt 0:00:08]} Nf6 {[%emt 0:01:39]} 20. Qg5 {[%emt 0:03:48]} Nh5 {[%emt 0:03:15]} 21. Bh3 {[%emt 0:10:48]} Kh7 {[%emt 0:07:20]} 22. Qxc5 {[%emt 0:13:05]} Nxf4 {[%emt 0:02:06]} 23. Rf3 {[%emt 0:04:05]} Bh6 {[%emt 0:05:08]} 24. Nf1 {[%emt 0:02:44]} f5 {[%emt 0:11:18]} 25. Nh2 {[%emt 0:15:18]} Nxh3+ {[%emt 0:02:13]} 26. Rxh3 {[%emt 0:00:08]} Be3+ {[%emt 0:03:19]} 27. Rxe3 {[%emt 0:01:19]} dxe3 {[%emt 0:00:02]} 28. Be5 {[%emt 0:05:04]} Qd7 {[%emt 0:12:26]} 29. Qxe3 {[%emt 0:01:42]} Kg8 {[%emt 0:01:35]} 30. Qg5 {[%emt 0:04:23]} Qh7 {[%emt 0:00:47]} 31. h5 {[%emt 0:07:35]} fxe4 {[%emt 0:03:54]} 32. Ng4 {[%emt 0:02:52]} Qxh5 {[%emt 0:01:19]} 33. Nf6+ {[%emt 0:02:07]} Rxf6 {[%emt 0:00:13]} 34. Qxf6 {[%emt 0:00:02]} Qg4+ {[%emt 0:01:20]} 35. Kh2 {[%emt 0:01:19]} Qe2+ {[%emt 0:00:21]} 36. Kg1 {[%emt 0:00:51]} Qg4+ {[%emt 0:01:24]} 37. Kh2 {[%emt 0:00:26]} Qe2+ {[%emt 0:00:33]} 38. Kg1 {[%emt 0:00:26]} 1/2-1/2

[Event "Irish International Open 2019"]
[Site "Dublin"]
[Date "2019.04.21"]
[Round "8.18"]
[White "Longson, Sarah N"]
[Black "Schmitz, Andreas Arnold"]
[Result "1-0"]
[WhiteElo "2123"]
[BlackElo "2003"]
[Annotator "NA"]
[PlyCount "57"]
[EventDate "2019.02.28"]
[EventType "swiss"]
[EventCountry "IRL"]
[SourceTitle "playchess.com"]
[Source "ChessBase"]
[SourceQuality "1"]
[TimeControl "5400+30"]

1. e4 {[%emt 0:00:00]} e6 {[%emt 0:00:00]} 2. d4 {[%emt 0:00:00]} d5 {[%emt 0:00:00]} 3. Nd2 {[%emt 0:00:00]} Nf6 {[%emt 0:00:00]} 4. Bd3 {[%emt 0:00:49]} dxe4 {[%emt 0:01:27]} 5. Nxe4 {[%emt 0:00:12]} Bd7 {[%emt 0:02:16]} 6. Nf3 {[%emt 0:01:30]} Nxe4 {[%emt 0:01:28]} 7. Bxe4 {[%emt 0:00:11]} Bc6 {[%emt 0:00:08]} 8. Bd3 {[%emt 0:01:16]} Nd7 {[%emt 0:02:50]} 9. c3 {[%emt 0:02:30]} Qf6 {[%emt 0:02:13]} 10. Bg5 {[%emt 0:02:39]} Bxf3 {[%emt 0:00:21]} 11. Qd2 {[%emt 0:00:05]} Bxg2 {[%emt 0:00:34]} 12. Bxf6 {[%emt 0:00:05]} Bxh1 {[%emt 0:00:22]} 13. Bh4 {[%emt 0:02:03]} Bc6 {[%emt 0:02:55]} 14. c4 {[%emt 0:03:15]} Nf6 {[%emt 0:05:43]} 15. Bxf6 {[%emt 0:02:21]} gxf6 {[%emt 0:00:07]} 16. d5 {[%emt 0:01:52]} Bd7 {[%emt 0:02:19]} 17. dxe6 {[%emt 0:04:25]} fxe6 {[%emt 0:06:58]} 18. Qa5 {[%emt 0:05:17]} Bd6 {[%emt 0:04:10]} 19. Be4 {[%emt 0:04:52]} c6 {[%emt 0:07:12]} 20. Rd1 {[%emt 0:03:44]} Be5 {[%emt 0:01:18]} 21. f4 {[%emt 0:02:13]} Bxf4 {[%emt 0:02:28]} 22. Qh5+ {[%emt 0:00:07]} Ke7 {[%emt 0:00:28]} 23. Qc5+ {[%emt 0:00:06]} Ke8 {[%emt 0:01:21]} 24. Qd4 {[%emt 0:00:27]} Rd8 {[%emt 0:01:03]} 25. Qxf6 {[%emt 0:01:16]} Rf8 {[%emt 0:00:10]} 26. Qh4 {[%emt 0:00:57]} e5 {[%emt 0:05:50]} 27. Bxh7 {[%emt 0:01:14]} Kf7 {[%emt 0:00:44]} 28. Rd6 {[%emt 0:10:07]} Kg7 {[%emt 0:03:37]} 29. Qe7+ {[%emt 0:00:23]} 1-0

[Event "Irish International Open 2019"]
[Site "Dublin"]
[Date "2019.04.21"]
[Round "8.19"]
[White "Scott, Luke"]
[Black "Melaugh, Gavin"]
[Result "0-1"]
[WhiteElo "1881"]
[BlackElo "2109"]
[Annotator "TA"]
[PlyCount "90"]
[EventDate "2019.02.28"]
[EventType "swiss"]
[EventCountry "IRL"]
[SourceTitle "playchess.com"]
[Source "ChessBase"]
[SourceQuality "1"]

{[%evp 9,90,0,8,-6,8,0,27,25,20,14,16,-4,-18,-14,0,0,-25,-39,0,-2,2,-33,0,0,0,-15,0,-38,-27,-72,-71,-103,0,-23,10,-85,-12,-44,104,0,0,0,26,-113,-124,-122,-120,-223,-204,-275,-302,-353,-337,-366,-379,-374,-377,-677,-669,-673,-654,-718,-684,-625,-347,-385,-370,-360,-351,-381,-381,-1236,-1188,-6624,-29979,-29982,-1659,-29986,-29987,-29987,-29988,-29985,-29985]} 1. d4 e6 2. c4 f5 3. Nc3 Nf6 4. Bg5 Bb4 5. Nf3 O-O 6. g3 {A85: Dutch Defence: 2 c4 Nf6 3 Nc3} (6. e3 Bxc3+ 7. bxc3 d6 8. Be2 Nbd7 9. O-O Qe7 10. Nd2 b6 11. Bf3 Rb8 12. Bc6 h6 13. Bh4 Bb7 14. Bxb7 Rxb7 {1-0 (39) Adams,M (2740)-Bareev,E (2715) chessassistantclub.com INT 2004}) 6... d6 7. Rc1 Qe8 8. Bxf6 {White has an edge.} Rxf6 9. Bg2 e5 $146 ({Predecessor:} 9... c6 10. O-O e5 11. e3 e4 12. Nd2 Rh6 13. f3 Qh5 14. h3 {1-0 (47) Craciun,G (2083)-Lagergren,H (1969) ICCF email 2005}) 10. dxe5 dxe5 11. Qd5+ Re6 12. c5 Kh8 13. a3 c6 (13... Bxc3+ $5 14. Rxc3 Nc6 $11) 14. Qc4 Ba5 15. O-O Rg6 16. e4 {Strongly threatening exf5.} f4 $1 17. Rfd1 {Black should prevent Qa4.} Bc7 18. Ne2 Bg4 19. Rc2 Nd7 20. Rcd2 {[#]} Rd8 ({Better is} 20... fxg3 $1 $17 21. Nxg3 Rf6) 21. Qc3 Rh6 22. Kh1 (22. h3 $11 Be6 23. Qb4) 22... Qh5 ({Black should play} 22... Rb8 $17) 23. Neg1 g5 {[#]} (23... Rf6 $15 {stays ahead.}) 24. h3 (24. Qb4 $1 $16 {[%cal Rb4b7]} Qe8 25. Qxb7) 24... Rf6 25. Kh2 h6 26. Rd3 (26. Qb4 $11 {keeps the balance.} b5 27. cxb6 Bxb6 28. Nxe5 Bxd1 29. Nxd7) 26... Rf7 $17 27. R1d2 Re8 28. Qc4 (28. Qb4 $17 {is a better defense.}) 28... Nf6 $19 29. Ne1 Be6 30. Qa4 fxg3+ 31. Rxg3 Ng4+ {[%mdl 64] Discovered Attack} 32. Rxg4 Bxg4 33. Qxa7 $2 (33. f3 Be6 34. Bf1) 33... Bc8 34. f3 Qh4 {Threatens to win with ...Qf4+.} 35. Nd3 Rd8 36. Qa4 Rfd7 37. Qd1 h5 38. Bf1 Rg7 39. Kh1 g4 {[%cal Rg4h3]} 40. Nxe5 $2 (40. Qe2) 40... Rxd2 41. Qxd2 Bxe5 42. Qh6+ {[#]} Kg8 $1 {( -> ...gxf3)} 43. Bc4+ {[#]} Kf8 $1 {Black mates.} 44. Qh8+ {[#]} Ke7 $1 45. Qxc8 Qg3 {Accuracy: White = 27%, Black = 55%.} 0-1

[Event "Irish International Open 2019"]
[Site "Dublin"]
[Date "2019.04.21"]
[Round "8.20"]
[White "Fox, Anthony"]
[Black "Halvorsen, Benjamin"]
[Result "1-0"]
[WhiteElo "2031"]
[BlackElo "1767"]
[Annotator "NA"]
[PlyCount "135"]
[EventDate "2019.02.28"]
[EventType "swiss"]
[EventCountry "IRL"]
[SourceTitle "playchess.com"]
[Source "ChessBase"]
[SourceQuality "1"]
[TimeControl "5400+30"]

1. e4 {[%emt 0:00:00]} d5 {[%emt 0:00:00]} 2. exd5 {[%emt 0:00:00]} Qxd5 {[%emt 0:00:00]} 3. Nc3 {[%emt 0:00:01]} Qa5 {[%emt 0:00:00]} 4. d4 {[%emt 0:00:27]} Nf6 {[%emt 0:00:00]} 5. Nf3 {[%emt 0:00:36]} c6 {[%emt 0:00:06]} 6. Bc4 {[%emt 0:03:46]} Bf5 {[%emt 0:00:16]} 7. Bd2 {[%emt 0:00:42]} e6 {[%emt 0:00:20]} 8. Qe2 {[%emt 0:08:00]} Qc7 {[%emt 0:04:39]} 9. O-O-O {[%emt 0:00:36]} Bd6 {[%emt 0:00:41]} 10. Nh4 {[%emt 0:02:45]} Bg6 {[%emt 0:01:15]} 11. g3 {[%emt 0:03:37]} O-O {[%emt 0:03:01]} 12. Nxg6 {[%emt 0:00:39]} hxg6 {[%emt 0:00:06]} 13. h4 {[%emt 0:01:44]} a5 {[%emt 0:04:43]} 14. h5 {[%emt 0:00:50]} Nxh5 {[%emt 0:03:57]} 15. Rxh5 {[%emt 0:00:18]} gxh5 {[%emt 0:00:09]} 16. Qxh5 {[%emt 0:00:18]} Re8 {[%emt 0:09:42]} 17. Rh1 {[%emt 0:01:39]} Kf8 {[%emt 0:00:49]} 18. Qh8+ {[%emt 0:05:20]} Ke7 {[%emt 0:01:12]} 19. Qxg7 {[%emt 0:00:17]} Kd8 {[%emt 0:03:28]} 20. Ne4 {[%emt 0:04:11]} Bf8 {[%emt 0:16:46]} 21. Qf6+ {[%emt 0:04:34]} Kc8 {[%emt 0:06:10]} 22. Rh7 {[%emt 0:03:13]} Re7 {[%emt 0:01:47]} 23. Bf4 {[%emt 0:05:11]} Nd7 {[%emt 0:06:56]} 24. Qxe7 {[%emt 0:13:03]} Qxf4+ {[%emt 0:01:00]} 25. gxf4 {[%emt 0:00:10]} Bxe7 {[%emt 0:00:03]} 26. Rxf7 {[%emt 0:00:35]} Kd8 {[%emt 0:00:15]} 27. Bxe6 {[%emt 0:01:00]} b5 {[%emt 0:01:25]} 28. f5 {[%emt 0:03:24]} Nf8 {[%emt 0:01:46]} 29. Rg7 {[%emt 0:01:10]} Ra7 {[%emt 0:03:28]} 30. c3 {[%emt 0:03:32]} b4 {[%emt 0:01:45]} 31. Kc2 {[%emt 0:01:09]} bxc3 {[%emt 0:00:35]} 32. bxc3 {[%emt 0:00:09]} a4 {[%emt 0:00:10]} 33. Rg8 {[%emt 0:05:52]} Rb7 {[%emt 0:03:55]} 34. Nc5 {[%emt 0:05:51]} Bxc5 {[%emt 0:00:38]} 35. dxc5 {[%emt 0:00:06]} Ke8 {[%emt 0:00:12]} 36. Rg4 {[%emt 0:03:01]} a3 {[%emt 0:03:34]} 37. Rb4 {[%emt 0:00:10]} Rc7 {[%emt 0:00:53]} 38. Kb3 {[%emt 0:00:21]} Nxe6 {[%emt 0:03:50]} 39. fxe6 {[%emt 0:00:14]} Ke7 {[%emt 0:00:18]} 40. Re4 {[%emt 0:00:46]} Ra7 {[%emt 0:00:11]} 41. f4 {[%emt 0:00:19]} Ra8 {[%emt 0:00:50]} 42. f5 {[%emt 0:00:17]} Kf6 {[%emt 0:00:09]} 43. Rf4 {[%emt 0:02:01]} Ra5 {[%emt 0:01:31]} 44. Re4 {[%emt 0:01:17]} Ra8 {[%emt 0:00:58]} 45. e7 {[%emt 0:01:03]} Re8 {[%emt 0:00:05]} 46. Re6+ {[%emt 0:00:17]} Kxf5 {[%emt 0:00:09]} 47. Rxc6 {[%emt 0:00:06]} Rxe7 {[%emt 0:00:07]} 48. Kxa3 {[%emt 0:00:06]} Ra7+ {[%emt 0:00:37]} 49. Kb3 {[%emt 0:00:07]} Ke5 {[%emt 0:00:10]} 50. Rd6 {[%emt 0:20:10]} Ra5 {[%emt 0:00:29]} 51. a4 {[%emt 0:00:00]} Rxc5 {[%emt 0:00:12]} 52. Rd4 {[%emt 0:00:00]} Rc8 {[%emt 0:00:36]} 53. a5 {[%emt 0:00:00]} Ra8 {[%emt 0:00:30]} 54. Ra4 {[%emt 0:00:00]} Kd5 {[%emt 0:00:12]} 55. a6 {[%emt 0:00:00]} Ra7 {[%emt 0:01:19]} 56. Kb4 {[%emt 0:00:00]} Kc6 {[%emt 0:00:15]} 57. Ka5 {[%emt 0:00:00]} Kc5 {[%emt 0:00:10]} 58. Rb4 {[%emt 0:00:00]} Rh7 {[%emt 0:02:09]} 59. Rb8 {[%emt 0:00:00]} Rh1 {[%emt 0:00:35]} 60. Rc8+ {[%emt 0:00:00]} Kd6 {[%emt 0:00:20]} 61. Kb6 {[%emt 0:00:00]} Rb1+ {[%emt 0:00:18]} 62. Ka7 {[%emt 0:00:00]} Rb3 {[%emt 0:00:19]} 63. Ka8 {[%emt 0:00:00]} Kd7 {[%emt 0:00:26]} 64. Rc4 {[%emt 0:00:00]} Ra3 {[%emt 0:00:45]} 65. a7 {[%emt 0:00:00]} Rb3 {[%emt 0:00:39]} 66. Rb4 {[%emt 0:00:00]} Rxc3 {[%emt 0:02:00]} 67. Kb7 {[%emt 0:00:00]} Rc7+ {[%emt 0:00:35]} 68. Ka6 {[%emt 0:00:00]} 1-0

[Event "Irish International Open 2019"]
[Site "Dublin"]
[Date "2019.04.21"]
[Round "8.21"]
[White "Kersten, Julian"]
[Black "Putar, Leon"]
[Result "1-0"]
[WhiteElo "1996"]
[BlackElo "1549"]
[Annotator "NA"]
[PlyCount "59"]
[EventDate "2019.02.28"]
[EventType "swiss"]
[EventCountry "IRL"]
[SourceTitle "playchess.com"]
[Source "ChessBase"]
[SourceQuality "1"]
[TimeControl "5400+30"]

1. d4 {[%emt 1:30:30]} Nf6 {[%emt 1:30:30]} 2. Bg5 {[%emt 0:00:30]} g6 {[%emt 0:00:30]} 3. Bxf6 {[%emt 0:00:30]} exf6 {[%emt 0:00:30]} 4. c4 {[%emt 0:00:30]} c6 {[%emt 0:00:30]} 5. Nc3 {[%emt 0:00:30]} d5 {[%emt 0:00:30]} 6. cxd5 {[%emt 0:00:30]} cxd5 {[%emt 0:00:30]} 7. e3 {[%emt 0:00:30]} Nc6 {[%emt 0:00:30]} 8. g3 {[%emt 0:00:30]} Be6 {[%emt 0:00:30]} 9. Nge2 {[%emt 0:00:30]} Rc8 {[%emt 0:00:30]} 10. Bg2 {[%emt 0:00:30]} Bb4 {[%emt 0:00:30]} 11. Qb3 {[%emt 0:00:30]} O-O {[%emt 0:00:30]} 12. O-O {[%emt 0:00:30]} Bxc3 {[%emt 0:00:30]} 13. Nxc3 {[%emt 0:00:30]} Ne7 {[%emt 0:00:30]} 14. Qxb7 {[%emt 0:00:30]} Rb8 {[%emt 0:00:30]} 15. Qxa7 {[%emt 0:00:30]} Rxb2 {[%emt 0:00:30]} 16. Rab1 {[%emt 0:00:30]} Rd2 {[%emt 0:00:30]} 17. Qc5 {[%emt 0:00:30]} Qd7 {[%emt 0:00:30]} 18. Qb4 {[%emt 0:00:30]} Rc2 {[%emt 0:00:30]} 19. Qb3 {[%emt 0:00:30]} Rd2 {[%emt 0:00:30]} 20. Rfc1 {[%emt 0:00:30]} Bh3 {[%emt 0:00:30]} 21. Nxd5 {[%emt 0:00:30]} Bxg2 {[%emt 0:00:30]} 22. Nxf6+ {[%emt 0:00:30]} Kg7 {[%emt 0:00:30]} 23. Nxd7 {[%emt 0:00:30]} Rd8 {[%emt 0:00:30]} 24. Qb4 {[%emt 0:00:30]} Rxd7 {[%emt 0:00:30]} 25. Qxd2 {[%emt 0:00:30]} Bh3 {[%emt 0:00:30]} 26. a4 {[%emt 0:00:30]} Nf5 {[%emt 0:00:30]} 27. a5 {[%emt 0:00:30]} Nh4 {[%emt 0:00:30]} 28. gxh4 {[%emt 0:00:30]} g5 {[%emt 0:00:30]} 29. hxg5 {[%emt 0:00:30]} Rd5 {[%emt 0:00:30]} 30. e4 {[%emt 0:00:30]} 1-0